000 00702nam a2200241Ia 4500
003 OSt
005 20220928121407.0
006 a|||||r|||| 00| 0
007 ta
008 220927b |||||||| |||| 00| 0 eng d
024 _a129743
037 _bGift, 06/05/2016,
_cTextual
040 _aSDCL
_cSDCL
_beng
041 _2eng
_aeng
082 _aV6:192'P, Q5
100 _aDash Sandipani
_9433788
245 0 _aDynamics of extractive resources in Africa
_b Prospects for India
260 _aNew Delhi
_bG. B. Books
_c2015
300 _axii;168p.
_ccm.
650 _aGift
_9391569
942 _hV6:192'P, Q5
_cTEXL
_2CC
999 _c765874
_d765874